Statistics for Ten Closest Megacities to 0° 0°

Click here to take the quiz!

General Stats

  • This quiz has been taken 44 times
  • The average score is 8 of 10

Answer Stats

DistanceCity% Correct
810 kmLagos
98%
4699 kmCairo
93%
1769 kmKinshasa
88%
5727 kmLondon
85%
5317 kmRio de Janeiro
85%
5413 kmIstanbul
80%
4185 kmJohannesburg
80%
5437 kmParis
80%
5670 kmSao Paulo
80%
6621 kmTehran
68%

Score Distribution

Percentile by Number Answered

Percent of People with Each Score

Your Score History

You have not taken this quiz